| 000 | 00935nam a22002297a 4500 | ||
|---|---|---|---|
| 003 | OSt | ||
| 005 | 20260323050829.0 | ||
| 008 | 260323b |||||||| |||| 00| 0 eng d | ||
| 020 | _a9781338159219 | ||
| 040 |
_aDWCL GS lib _cOC |
||
| 082 | _aF St857 2017 | ||
| 100 | _aStilton, Geronimo | ||
| 245 |
_aMiceKings : _bThe Helmet Holdup _cGeronimo Stilton |
||
| 260 |
_aUnited States _b Scholastic Inc. _cc2017. |
||
| 300 |
_avii, 106 pages _billustrations _c17cm. |
||
| 520 | _an The Helmet Holdup (Micekings #6) by Geronimo Stilton, Geronimo Stiltonord and the Micekings travel to the rival Vilekings' village after a special helmet is stolen from Sven the Shouter. They must navigate dangerous dragons, forge an unlikely alliance with their rivals to survive, and recover the stolen artifact. | ||
| 546 | _aEnglish | ||
| 650 | _aJuvenile fiction | ||
| 650 | _aaction-adventure | ||
| 650 | _ahumor | ||
| 942 |
_2ddc _cFIC. _hFic. _n0 |
||
| 999 |
_c9266 _d9266 |
||